| 000 | 00805nam a22001577a 4500 | ||
|---|---|---|---|
| 003 | OSt | ||
| 005 | 20150916110456.0 | ||
| 008 | 150916b xxu||||| |||| 00| 0 eng d | ||
| 040 | _cRUA | ||
| 082 | _aAGR KY 2003 B028 Or.1 | ||
| 100 |
_9582 _aKY, CHANMONY. |
||
| 245 | _aEffact of usage compost steong mean chey on eice crop IR KESOR at royal university of agriculture experiment station ឥទ្ធិពលនៃការប្រើប្រាស់ជីកំប៉ុស្ដិ៍ស្ទឹងមានជ័យលើពូជស្រូវ អ៊ីអ៊ែរកេសរ នៅស្ថានីយ៍ពិសោធន៍សាកលវិទ្យាល័យភូមិន្ទកសិកម្ម | ||
| 260 |
_aPhnom Penh _bRUA _c2003 |
||
| 300 |
_a55p. _bill. _c29cm. |
||
| 942 |
_2ddc _cAGR |
||
| 999 |
_c560 _d560 |
||